Countries Will Smith has Visited - Statistics

General Stats
  • This quiz has been taken 69 times
    11 since last reset
  • The average score is 26 of 48
Answer Stats
Continent Country % Correct
South America Argentina
100%
Oceania Australia
100%
South America Brazil
100%
North America Canada
100%
Asia China
100%
Europe France
100%
Europe Germany
100%
Asia India
100%
Asia Japan
100%
North America Mexico
100%
Asia/ Europe Russia
100%
Europe Spain
100%
Europe Sweden
100%
Europe United Kingdom
100%
North America United States of America
100%
South America Colombia
67%
North America Costa Rica
67%
North America Cuba
67%
Europe Greece
67%
Asia Israel
67%
Europe Italy
67%
Asia Saudi Arabia
67%
Asia South Korea
67%
Africa Uganda
67%
Asia United Arab Emirates
67%
Africa Zambia
67%
North America Barbados
33%
Europe Croatia
33%
Africa Egypt
33%
Europe Hungary
33%
Europe Ireland
33%
North America Jamaica
33%
Asia Jordan
33%
Asia Malaysia
33%
Asia Taiwan
33%
Asia the Philippines
33%
North America Trinidad and Tobago
33%
Africa Zimbabwe
33%
Asia Azerbaijan
0%
Africa Botswana
0%
Africa Ethiopia
0%
Africa Kenya
0%
Asia Maldives
0%
Europe Monaco
0%
Africa Morocco
0%
Asia Qatar
0%
North America Seychelles
0%
Africa Tanzania
0%
No matching quizzes found
Score Distribution
Percent of People with Each Score
Percentile by Number Answered
Your Score History
You have not taken this quiz since the last reset